000 00915cam a22002174a 4500
005 20250605164130.0
008 250528s ||||||||||||||||||||||||d
035 _a18627
020 _a2880462770
040 _aGR-AtMCL
_bgre
_dGR-AtMCL
_eAACR2
245 1 _aGrids / The Structure of Graphic Design
260 _c1996
300 _a160
505 0 _aIntroduction, The Purpose of the Grid, Elements of the Grid, Making a Quick Grid, Constructing a Proper Grid, Grid and Template and Stylebook, Introducing the Free Grids, Grids at Work, Index, Acknowledgements.
520 _aIntroduction, The Purpose of the Grid, Elements of the Grid, Making a Quick Grid, Constructing a Proper Grid, Grid and Template and Stylebook, Introducing the Free Grids, Grids at Work, Index, Acknowledgements.
700 1 _aJute Andre
_94893
700 1 _aRotovision
_94833
942 _cBK
999 _c3974
_d3974